000 02460nam0a2200481 4500
001 RU\NLR\bibl\1826057
005 20260406163809.0
010 _a978-5-88210-586-9
_91000
021 _aRU
_b2011-75842
_95391
035 _a(nilc)RSL-KNO-005032172
035 _a(NLR Aleph) 001816583
090 _a1946602
_c1946602
100 _a20111003d2011 |||y0rusy50 ca
101 0 _arus
102 _aRU
105 _ay |||||||||
200 1 _aЖизнетворчество как метатекст: Мандельштам - Зощенко - Пришвин (30-40-е гг.)
_eмонография
_fЕ.А. Худенко
_gМ-во образования и науки РФ, Гос. образоват. учреждение высш. проф. образования "Алтайск. гос. пед. акад."
210 _aБарнаул
_cАлтГПА
_d2011
215 _a165 с.
_d21
320 _aБиблиогр.: с. 153-165 и в подстроч. примеч.
600 1 _aМандельштам
_bО. Э.
_f1891 - 1938
_gОсип Эмильевич
_91523629
_3RU\NLR\auth\66662692
600 1 _aЗощенко
_bМ. М.
_f1894 - 1958
_gМихаил Михайлович
_91147354
_3RU\NLR\auth\66457493
600 1 _aПришвин
_bМ. М.
_f1873 - 1954
_gМихаил Михайлович
_91968242
_3RU\NLR\auth\66901672
606 1 _aМетатекст в литературе
_92410293
_3RU\NLR\auth\661436156
686 _aШ5(2=Р)7-4Мандельштам О.Э.23,0
_2rubbk
686 _aШ5(2=Р)7-4Зощенко М.М.23,0
_2rubbk
686 _aШ5(2=Р)7-4Пришвин М.М.23,0
_2rubbk
686 _aШ5(2=Р)7-4Мандельштам
686 _aШ5(2=Р)7-4Зощенко
686 _aШ5(2=Р)7-4Пришвин
686 _aШ401.4
700 1 _aХуденко
_bЕ. А.
_gЕлена Анатольевна
_4070
702 1 _4570
_8rus
_7ca
_aМандельштам
_bО. Э.
_f1891-1938
_gОсип Эмильевич
_3RU\NLR\auth\77504
_9110553
702 1 _4570
_8rus
_7ca
_aЗощенко
_bМ. М.
_f1894-1958
_gМихаил Михайлович
_3RU\NLR\auth\7710334
_9120112
702 1 _4570
_8rus
_7ca
_aПришвин
_bМ. М.
_f1873-1954
_gМихаил Михайлович
_3RU\NLR\auth\7724538
_97589
801 0 _aRU
_bRuMoRKP
_c20111003
_grcr
801 1 _aRU
_bРГБ
_c20111003
801 2 _aRU
_bNLR
_c20111028
_grcr
830 _aАвт. по кн.
942 _cBOOK
980 _aNB
980 _aNBR